000 00803nam a2200277Ia 4500
003 OSt
005 20221005062423.0
006 a|||||r|||| 00| 0
007 ta
008 221004b |||||||| |||| 00| 0 eng d
024 _a68112
037 _cTextual
040 _aCRL
_cCRL
_beng
041 _2eng
_aeng
082 _aX:8.1(Y:4), N0
100 _aJaeger Alfred M. Ed.
245 0 _aManagement in developing countries
260 _aLondon
_bRoutledgs UK
_c1990
300 _a306p.
_ccm.
490 _aOrganizational behaviour and management series, 1990
650 _a ECONOMICS
650 _aMANAGEMENT
700 _a Kanungo Rabindra N. Ed.
_9127436
942 _hX:8.1(Y:4), N0
_cTEXL
_2cc
999 _c969668
_d969668